Tirsi e Clori : Madrigaux /

Bibliographic Details
Main Author: Monteverdi, Claudio, 1567-1643
Corporate Author: Capella Savaria (Performer)
Other Authors: Zádori, Mária (Vocalist), Fers, Márta (Vocalist), Mey, Guy de, 1955- (Vocalist), Klietmann, Martin (Vocalist), Mertens, Klaus, 1949- (Vocalist), McGegan, Nicholas (Conductor)
Format: CD Audio
Language:Italian
Language Notes:Sung in Italian.
Published: Arles : Harmonia Mundi, [1991]
Series:Quintana (Series)
Subjects:

MARC

Tag First Indicator Second Indicator Subfields
LEADER 00000cjm a2200000Ia 4500
001 in00001842821
005 20151026073733.0
007 sd fungnn---e-
008 920415s1991 fr mun di ita d
024 3 |a 0149025046949 
028 0 2 |a QUI 903014  |b Harmonia Mundi 
033 0 0 |a 199101--  |b 6504  |c S9 
035 |a (OCoLC)ocm25649713 
040 |a OBE  |c OBE  |d OCL  |d OCLCQ  |d ELW  |d TXA  |d UtOrBLW 
041 0 |d ita  |e ita  |g eng  |g fre  |g ger 
047 |a bt  |a md 
049 |a TXAM 
090 |a M1520.M77  |b T57 1991 
100 1 |a Monteverdi, Claudio,  |d 1567-1643. 
240 1 0 |a Madrigals.  |k Selections 
245 1 0 |a Tirsi e Clori :  |b Madrigaux /  |c Claudio Monteverdi. 
264 1 |a Arles :  |b Harmonia Mundi,  |c [1991] 
264 4 |c ℗1991 
300 |a 1 sound disc :  |b digital ;  |c 4 3/4 in. 
336 |a performed music  |b prm  |2 rdacontent 
337 |a audio  |b s  |2 rdamedia 
338 |a audio disc  |b sd  |2 rdacarrier 
490 1 |a Quintana 
500 |a For 1-5 voices and instruments or continuo. 
546 |a Sung in Italian. 
500 |a Title from container. 
511 0 |a Mária Zádori, Márta Fers, sopranos ; Guy de Mey, Martin Klietmann, tenors ; Klaus Mertens, baritone ; members of Capella Savaria ; Nicholas McGegan, conductor. 
518 |a Recorded Jan. 1991, Salle de Concert Bartók, Szombathely. 
500 |a Compact disc. 
500 |a Program notes by Kristof Csengery in English, French, and German, and texts in Italian (19 pages) in container. 
505 0 |a Tirsi e Clori : ballo concertato (10:44) -- Amor, che deggio far (4:03) -- Eccomi pronta ai baci (2:09) -- O come sei gentile (3:31) -- Augellin (2:52) -- Al lume delle stelle (3:35) -- Ed è pur dunque vero (6:02) -- Parlo, misero, o taccio? (3:22) -- O sia tranquillo il mare (3:16) -- Ninfa che, scalza il piede (4:22) -- Mentre vaga Angioletta (8:18) -- Chiome d'oro (2:28) -- Ogni amante è guerrier (12:22) -- Quel sguardo sdegnosetto (1:59) -- Alle danze (2:48) -- Maledetto sia l'aspetto (1:14). 
500 |a Sound recording. 
650 0 |a Ballets. 
650 0 |a Madrigals, Italian. 
700 1 |a Zádori, Mária,  |e vocalist. 
700 1 |a Fers, Márta,  |e vocalist. 
700 1 |a Mey, Guy de,  |d 1955-  |e vocalist. 
700 1 |a Klietmann, Martin,  |e vocalist. 
700 1 |a Mertens, Klaus,  |d 1949-  |e vocalist. 
700 1 |a McGegan, Nicholas,  |e conductor. 
700 1 2 |a Monteverdi, Claudio,  |d 1567-1643.  |t Madrigals,  |n book 7.  |p Tirsi e Clori. 
700 1 2 |a Monteverdi, Claudio,  |d 1567-1643.  |t Madrigals,  |n book 7.  |p Amor che deggio far? 
700 1 2 |a Monteverdi, Claudio,  |d 1567-1643.  |t Madrigals,  |n book 7.  |p Eccomi pronti ai baci. 
700 1 2 |a Monteverdi, Claudio,  |d 1567-1643.  |t Madrigals,  |n book 7.  |p O come sei gentile. 
700 1 2 |a Monteverdi, Claudio,  |d 1567-1643.  |t Madrigals,  |n book 7.  |p Augellin. 
700 1 2 |a Monteverdi, Claudio,  |d 1567-1643.  |t Madrigals,  |n book 7.  |p Al lume delle stelle. 
700 1 2 |a Monteverdi, Claudio,  |d 1567-1643.  |t Scherzi musicali  |n (1632).  |p Et è pur dunque vero. 
700 1 2 |a Monteverdi, Claudio,  |d 1567-1643.  |t Madrigals,  |n book 7.  |p Parlo, miser'o taccio? 
700 1 2 |a Monteverdi, Claudio,  |d 1567-1643.  |t Madrigals,  |n book 9.  |p O sia tranquillo il mare. 
700 1 2 |a Monteverdi, Claudio,  |d 1567-1643.  |t Madrigals,  |n book 8.  |p Ninfa che scalza il piede. 
700 1 2 |a Monteverdi, Claudio,  |d 1567-1643.  |t Madrigals,  |n book 8.  |p Mentre vaga Angioletta. 
700 1 2 |a Monteverdi, Claudio,  |d 1567-1643.  |t Madrigals,  |n book 7.  |p Chiome d'oro. 
700 1 2 |a Monteverdi, Claudio,  |d 1567-1643.  |t Madrigals,  |n book 8.  |p Ogni amante è guerrier. 
700 1 2 |a Monteverdi, Claudio,  |d 1567-1643.  |t Scherzi musicali  |n (1632).  |p Quel sguardo sdegnosetto. 
700 1 2 |a Monteverdi, Claudio,  |d 1567-1643.  |t Madrigals,  |n book 9.  |p Alle danza, alle gioie. 
700 1 2 |a Monteverdi, Claudio,  |d 1567-1643.  |t Scherzi musicali  |n (1632).  |p Maledetto sia l'aspetto. 
710 2 |a Capella Savaria,  |e performer. 
740 0 2 |a Madrigaux. 
830 0 |a Quintana (Series) 
994 |a E0  |b TXA 
948 |a cataloged  |b h  |c 2004/7/9  |d c  |e bhartsfi  |f 10:05:22 am 
999 |a MARS 
999 f f |s 2f57c850-cca7-3430-8a65-a551a9e1f376  |i fdfef566-5cd3-364f-8e25-2322c4ec32d8  |t 0 
952 f f |p ric  |a Texas A&M University  |b Rellis Campus  |c Joint Library Facility  |d Remote Storage  |t 0  |e M1520.M77 T57 1991  |h Library of Congress classification  |i audio -- audio disc  |m A14831951061 
998 f f |a M1520.M77 T57 1991  |t 0  |l Remote Storage